000 00540nam a2200169Ia 4500
008 240729s9999 xx 000 0 und d
022 _a2289-8948
245 0 _aInternational Journal of Built Environment and Sustainability
260 _aMalaysia
260 _bUniversiti Teknologi Malaysia
650 _a Architecture | Geography. Anthropology. Recreation
650 _a Human ecology. Anthropogeography
650 _aFine Arts
856 _uhttps://doaj.org/toc/91c3699c93684e4f85dc552e14e76df7
942 _2ddc
942 _cDOAJEJ
999 _c65799
_d65799
945 _a1
_bMadushi Gamage
_c1
_dMadushi Gamage